000 01233naa a22003257a 4500
001 BR8003231
003 BR-BrBNA
005 20240918174613.0
007 ta
008 230509b bl.||||| |||| 00| 0 por d
040 _aBR-BrBNA
_bpor
_cBiblioteca Nacional de Agricultura
041 _a(En)
072 _aU10; F00; N20
_b2110
_b4650
090 _aU10 BR8003231
100 1 _aMcDonald, C.R.
100 1 _aFreire, E.S.
111 1 _a9. Congresso Brasileiro de Engenharia Agricola
_cCampina Grande, PB (Brazil)
_d24 Jul 1979
245 1 _aInvestigation of flow characteristics of a simple platform drier for cocoa [Cacau; Theobroma cacao; Secador; Secagem; Matematica]
260 3 _aCampina Grande, PB (Brasil):
_c1980.
500 _aAnais do 9. Congresso Brasileiro de Engenharia Agricola Campina Grande, PB (Brasil): 1980. v. 2 p. 551-565 (BR8003231-AM)U10
650 _aMatematica
650 _aProducao vegetal
650 _aEquipamento rural
650 _aCacau
650 _aSecador
650 _aSecagem
773 0 _tAnais do 9. Congresso Brasileiro de Engenharia Agricola
_wU10 BR8003231
_gCampina Grande, PB (Brasil), 1980. v. 2 p. 551-565
909 _a202404
_bLucia
_c55
_dLucia Elande
942 _cAM
_2AGRIS
999 _c312289
_d312289